|
|
|
|
| LEADER |
00704fam a2200193 a 4500 |
| 020 |
|
|
|a 0140154604:
|
| 082 |
0 |
0 |
|a 927.209 2
|b BHA/L
|
| 100 |
1 |
|
|a Bhatia, Gautam,
|
| 245 |
1 |
0 |
|a Laurie Baker, life, work, writings /
|
| 260 |
|
|
|a London :
|b Penguin,
|c 1994.
|
| 300 |
|
|
|a xiv, 313 p. :
|
| 500 |
|
|
|a "This project is sponsored by HUDCO"--T.p. verso.
|
| 500 |
|
|
|a Most about the work of a builder-architect from Kerala.
|
| 500 |
|
|
|a Includes index.
|
| 650 |
|
0 |
|a Architects
|z India
|v Biography.
|
| 650 |
|
0 |
|a Architecture
|z India.
|
| 942 |
|
|
|c BK
|
| 999 |
|
|
|c 100013
|d 100013
|
| 952 |
|
|
|0 0
|1 0
|4 0
|6 927_209000000000000_2_BHA_L
|7 0
|9 93297
|a SSS
|b SSS
|c GEN
|d 2012-03-19
|g 295.00
|l 0
|o 927.209 2 BHA/L
|p SSS06093
|r 2012-03-19
|w 2012-03-19
|y BK
|